COMPLETE GUIDE TO WATERCOLOUR (Record no. 933432)

MARC details
000 -LEADER
fixed length control field 00274nam a2200109Ia 4500
008 - FIXED-LENGTH DATA ELEMENTS--GENERAL INFORMATION
fixed length control field 231120s2018 xx 000 0 und d
041 ## - LANGUAGE CODE
Language code of text/sound track or separate title eng
100 ## - MAIN ENTRY--PERSONAL NAME
Personal name DAVID WEBB
245 ## - TITLE STATEMENT
Title COMPLETE GUIDE TO WATERCOLOUR
260 ## - PUBLICATION, DISTRIBUTION, ETC.
Place of publication, distribution, etc. SEARCH PRESS
Name of publisher, distributor, etc. SEARCH PRESS
Date of publication, distribution, etc. 2018
300 ## - PHYSICAL DESCRIPTION
Extent P-256
Holdings
Withdrawn status Lost status Damaged status Not for loan Home library Current library Date acquired Cost, normal purchase price Total Checkouts Barcode Date last seen Price effective from Koha item type
        College of Fine Arts, Pune College of Fine Arts, Pune 21/11/2023 1674.00   FAP-BVA-276 21/11/2023 21/11/2023 Book